| 000 | 00588nam a22001937a 4500 | ||
|---|---|---|---|
| 999 |
_c8942 _d8942 |
||
| 003 | GBCCL | ||
| 005 | 20241126110702.0 | ||
| 008 | 220203b ||||| |||| 00| 0 eng d | ||
| 040 | _cgbc | ||
| 082 |
_aVER 226.307 _bNEN |
||
| 100 |
_aNenglian, V _915643 |
||
| 245 |
_aTanchin hoih Marka gelh Hilhchetna / _cV. Nenglian |
||
| 260 |
_aNew Lamka: _bEvangelical Baptist Convention, _c2012 |
||
| 300 | _a210p. ; | ||
| 440 |
_aSaptuam' Laisiangthou Hilhchetna. _97247 |
||
| 650 |
_aBible _vNew Testament _xMarka _xCommentaries _915644 |
||
| 650 |
_aSunday School _vAdult _97246 |
||
| 942 |
_2ddc _cBK |
||